| 000 | 00870pam a2200277 a 4500 | ||
|---|---|---|---|
| 001 | 2580 | ||
| 005 | 20250826104619.0 | ||
| 020 | _a9780590275002 | ||
| 020 | _a9780688093563 | ||
| 040 |
_aDLC _cDLC _dDLC _beng |
||
| 050 | 0 | 0 | _aTH4811.B37 |
| 082 | 0 | 0 | _a690.8373 |
| 100 | 1 | _aBarton, Byron | |
| 245 | 1 | 0 |
_aBuilding a house / _cby Byron Barton |
| 260 |
_aNew York : _bScholastic, _c1981 |
||
| 300 |
_a31 unnumbered pages : _bcolor illustrations ; _c21 cm |
||
| 500 | _aOriginally published: New York : Greenwillow Books, c1981. | ||
| 505 | _aG | ||
| 520 | _aBriefly describes the steps in building a house. | ||
| 521 |
_a370
_bLexile |
||
| 521 |
_aG
_bRaz-Plus |
||
| 650 | 0 |
_aHouse construction _xJuvenile literature. |
|
| 650 | 1 | _aHouse construction. | |
| 906 |
_a7 _bcbc _corignew _d1 _eocip _f19 _gy-gencatlg |
||
| 942 |
_2ddc _cBK _n0 |
||
| 999 |
_c2580 _d2580 |
||